Research methods in interpreting: a practical resource

Gardado en:
Detalles Bibliográficos
Main Authors: Hale, Sandra (Author), Napier, Jemina (Author)
Formato: Libro
Idioma:inglés
Publicado: Londres Bloomsbury 2013
Edición:1a. ed
Series:Research Methods in Linguistics Series
Subjects:
Tags: Engadir etiqueta
Sen Etiquetas, Sexa o primeiro en etiquetar este rexistro!

MARC

LEADER 00000cam a2200000 a 4500
001 UCD1844
003 CL-VaPUC
008 160331e20130000uk |||||||||||||||||eng|d
020 |a 9781441147707 
082 0 4 |a 418.02  |b HAL  |2 21 
100 0 |a Hale, Sandra  |e author  |9 584993 
700 0 |a Napier, Jemina  |e author  |9 584994 
245 1 0 |a Research methods in interpreting: a practical resource 
250 |a 1a. ed 
300 |a 267 p 
942 |c BK 
945 |d 20160331 23:10:00  |a arojas 
260 |a Londres  |b Bloomsbury  |c 2013 
650 0 |a Traducción e interpretación  |9 315998 
650 0 |a Estudio y enseñanza  |9 270395 
650 0 |a Investigación  |9 257811 
583 |a last modification  |c 20160331 23:10:00  |k Rodrigo Vera 
490 0 |a Research Methods in Linguistics Series 
999 |c 363064  |d 363062 
952 |0 0  |1 0  |3 erb  |4 0  |6 418_020000000000000_HAL_2013  |7 0  |8 A  |9 474798  |a BIBEDU  |b BIBEDU  |i 526877K  |o 418.02 HAL 2013  |p 526877K  |r 2019-11-24  |w 2019-11-24  |y BK  |z Catalogado en:20160331  |k LIT